Words of life : (Record no. 21282)

MARC details
000 -LEADER
fixed length control field 03688cam a2200445 a 4500
001 - CONTROL NUMBER
control field 15716193
003 - CONTROL NUMBER IDENTIFIER
control field OSt
005 - DATE AND TIME OF LATEST TRANSACTION
control field 20260218151024.0
008 - FIXED-LENGTH DATA ELEMENTS--GENERAL INFORMATION
fixed length control field 090428s2009 ilu b 001 0 eng
010 ## - LIBRARY OF CONGRESS CONTROL NUMBER
LC control number 2009017674
020 ## - INTERNATIONAL STANDARD BOOK NUMBER
International Standard Book Number 9780830827442
Qualifying information pbk. : USA : alk. paper
020 ## - INTERNATIONAL STANDARD BOOK NUMBER
International Standard Book Number 0830827447
Qualifying information pbk. : USA : alk. paper
020 ## - INTERNATIONAL STANDARD BOOK NUMBER
International Standard Book Number 9781844742073
Qualifying information pbk. : UK : alk. paper
020 ## - INTERNATIONAL STANDARD BOOK NUMBER
International Standard Book Number 1844742075
Qualifying information pbk. : UK : alk. paper
035 ## - SYSTEM CONTROL NUMBER
System control number 15716193
035 ## - SYSTEM CONTROL NUMBER
System control number (OCoLC)294888359
040 ## - CATALOGING SOURCE
Original cataloging agency DLC
Transcribing agency DLC
Modifying agency BTCTA
-- YDXCP
-- C#P
-- BWX
-- SGB
-- DLC
050 00 - LIBRARY OF CONGRESS CALL NUMBER
Classification number BT180.W67
Item number W37 2009
082 00 - DEWEY DECIMAL CLASSIFICATION NUMBER
Classification number 220.1/3
Edition number 22
100 1# - MAIN ENTRY--PERSONAL NAME
Personal name Ward, Timothy,
Dates associated with a name 1967-
245 10 - TITLE STATEMENT
Title Words of life :
Remainder of title Scripture as the living and active word of God /
Statement of responsibility, etc. Timothy Ward.
260 ## - PUBLICATION, DISTRIBUTION, ETC. (IMPRINT)
Place of publication, distribution, etc. Downers Grove, Ill. :
Name of publisher, distributor, etc. IVP Academic,
Date of publication, distribution, etc. c2009.
300 ## - PHYSICAL DESCRIPTION
Extent 184 p. ;
Dimensions 23 cm.
336 ## - CONTENT TYPE
Content type term text
Content type code txt
Source rdacontent
337 ## - MEDIA TYPE
Media type term unmediated
Media type code n
Source rdamedia
338 ## - CARRIER TYPE
Carrier type term volume
Carrier type code nc
Source rdacarrier
504 ## - BIBLIOGRAPHY, ETC. NOTE
Bibliography, etc Includes bibliographical references and indexes.
505 0# - FORMATTED CONTENTS NOTE
Formatted contents note Introduction: God and the Bible -- God and Scripture : a biblical outline -- God's action and his words -- The Old Testament -- The New Testament -- God's person and his words -- God's words and human words -- Christ's words, and God's action and person -- Christ's words and human words -- God's words and the Bible -- The Trinity and Scripture : a theological outline -- The Father and Scripture : the covenant book -- Redemption and Scripture -- Revelation and Scripture -- The Son and Scripture : the words of the Word -- Jesus and the Bible as both 'Word of God' -- Scripture and the incarnation -- The Holy Spirit and Scripture : the God-breathed word -- The inspiration of Scripture -- The preservation of Scripture -- The illumination of Scripture -- Summary -- The attributes of Scripture : a doctrinal outline -- The necessity of Scripture -- The sufficiency of Scripture -- The clarity of Scripture -- Preaching and a clear Bible -- Diverse interpretations and a clear Bible -- Defining the clarity of Scripture -- The authority of Scripture -- The nature of biblical authority-- Inerrancy and infallibility -- The Bible and Christian life : the doctrine of Scripture applied -- The meaning of sola scriptura -- Scripture and the Christian community -- Scripture and preaching -- The Spirit and the Bible -- The Spirit and the preacher -- The Spirit and the people of God -- Scripture and the individual Christian -- Private Bible reading in relation to corporate Bible reading and preaching -- The aim of Bible reading -- Summary.
520 ## - SUMMARY, ETC.
Summary, etc. Ward offers an understanding of the nature of Scripture under three main headings. A biblical outline shows that the words of the Bible form a significant part of God's action in the world. A theological outline focuses on the relationship of Scripture with each of the persons of the Trinity. And a doctrinal outline examines the 'attributes' of Scripture. A final chapter explores some significant areas in which the doctrine of Scripture should be applied. --from publisher description
630 00 - SUBJECT ADDED ENTRY--UNIFORM TITLE
Uniform title Bible
General subdivision Inspiration.
630 00 - SUBJECT ADDED ENTRY--UNIFORM TITLE
Uniform title Bible
General subdivision Evidences, authority, etc.
650 #0 - SUBJECT ADDED ENTRY--TOPICAL TERM
Topical term or geographic name as entry element Word of God (Christian theology)
650 #0 - SUBJECT ADDED ENTRY--TOPICAL TERM
Topical term or geographic name as entry element Language and languages
General subdivision Religious aspects
-- Christianity.
650 #0 - SUBJECT ADDED ENTRY--TOPICAL TERM
Topical term or geographic name as entry element Revelation
General subdivision Christianity.
650 #0 - SUBJECT ADDED ENTRY--TOPICAL TERM
Topical term or geographic name as entry element Knowledge, Theory of (Religion)
906 ## - LOCAL DATA ELEMENT F, LDF (RLIN)
a 7
b cbc
c orignew
d 1
e ecip
f 20
g y-gencatlg
942 ## - ADDED ENTRY ELEMENTS (KOHA)
Source of classification or shelving scheme Library of Congress Classification
Koha item type General Collection
Holdings
Withdrawn status Lost status Source of classification or shelving scheme Not for loan Home library Current library Shelving location Date acquired Source of acquisition Inventory number Total Checkouts Full call number Barcode Date last seen Copy number Price effective from Koha item type
    Library of Congress Classification   Kabarak, Main Campus Kabarak, Main Campus General Stacks 18/02/2026 Donation 2025/3392   BT180.W67 W37 2009 C.1 38645 18/02/2026 C.1 18/02/2026 General Collection
Designed with assistance from East African Informatics Ltd